000 01030nam a2200205Ia 4500
003 Ost
005 20260507075119.0
008 260507s9999||||xx |||||||||||||| ||und||
020 _a6023345977
040 _cfsecg
041 _aara
082 _a658.8
100 _aوايت، سارة
_eمؤلف
245 0 _aأساسيات التسويق /
_c سارة وايت
260 _aالقاهرة:
_bدار الفاروق للنشر والتوزيع,
_c2001
300 _a536 صفحة؛
_bإيضاحات ؛
_c25 سم
520 _aماذا يعني التسويق؟- مراجعة المشروع- مزيج التسويق- أساليب أبحاث السوق- تقسيم السوق- استراتيجيات المنتج- استراتيجية التسعير- التوزيع- الإعلان- الإعلان عبر الأنترنت- الترويج المبيعات- مهارات البيع- العرض والبيع- ضبط الأمور المالية المتعلقة بالتسويق
653 _aالتسويق
942 _cكتاب
999 _c43051
_d43051